00781nam a2200241 i 450000100060000000300080000600500170001400800390003102000170007003500190008704000320010604100080013808200230014610000240016924500540019326000600024730000470030750400510035460000330040561000220043865000430046065100360050324281BD-RjUL20211209001030.0140313s1977 miua b 001 0beng a0802834981 : a(BD-RjUL)24347 aDLCcDLCdDLCdBD-RjULbeng aeng00a283.0924bHOC 19771 aHopkins, Hugh Evan.10aCharles Simeon of Cambridge /cHugh Evan Hopkins. aGrand Rapids, Mich. :bW. B. Eerdmans Pub. Co.,cc1977. a236 p. :bill. (on lining paper) ;c25 cm. aIncludes bibliographical references and index.10aSimeon, Charles,d1759-1836.20aChurch of England 0aClergyzEnglandzCambridgexBiography. 0aCambridge (England)xBiography.